[Event "POL-ch U16 Girls"]
[Site "Szklarska Poreba"]
[Date "2016.03.19"]
[Round "8"]
[White "Kwiatkowska, Agnieszka"]
[Black "Krzysztynska, Anna"]
[Result "0-1"]
[WhiteElo "1643"]
[BlackElo "1643"]
[PlyCount "86"]
[EventDate "2016.03.13"]
[EventType "swiss"]
[EventRounds "9"]
[EventCountry "POL"]
[SourceTitle "EXT 2018"]
[Source "ChessBase"]
[SourceDate "2017.10.13"]
[SourceVersion "1"]
[SourceVersionDate "2017.10.13"]
[SourceQuality "1"]

1. e4 e5 2. Nf3 Nc6 3. Bb5 a6 4. Ba4 Nf6 5. d3 b5 6. Bb3 Be7 7. c3 0-0 8. Nbd2 Bb7 9. Nf1 Re8 10. Ng3 d5 11. Qe2 Bc5 12. Bg5 d4 13. Nh4 h6 14. Bxf6 Qxf6 15. Nhf5 Bf8 16. Nh5 Qg5 17. h4 Qg6 18. Rh3 Ne7 19. Rg3 Qc6 20. Nhxg7 Bxg7 21. Rxg7+ Kh8 22. Rxf7 Nxf5 23. Rxf5 Bc8 24. Bd5 Qd6 25. Rf7 c6 26. Bb3 a5 27. Qf3 a4 28. Bd1 Bd7 29. Rf6 Re6 30. Rxe6 Qxe6 31. cxd4 exd4 32. g4 Rg8 33. Qf5 Qd6 34. Qh5 Be8 35. Qf5 Rf8 36. Qxf8+ Qxf8 37. a3 Qe7 38. h5 Qh4 39. Kf1 Bd7 40. f3 Qh1+ 41. Kf2 Qh2+ 42. Ke1 Qxb2 43. f4 Qxa1 0-1

[Event "POL-ch U16 Girls"]
[Site "Szklarska Poreba"]
[Date "2016.03.16"]
[Round "5"]
[White "Ciesinska, Weronika"]
[Black "Kwiatkowska, Agnieszka"]
[Result "1-0"]
[WhiteElo "1584"]
[BlackElo "1643"]
[PlyCount "137"]
[EventDate "2016.03.13"]
[EventType "swiss"]
[EventRounds "9"]
[EventCountry "POL"]
[SourceTitle "EXT 2018"]
[Source "ChessBase"]
[SourceDate "2017.10.13"]
[SourceVersion "1"]
[SourceVersionDate "2017.10.13"]
[SourceQuality "1"]

1. e4 c5 2. Nc3 Nc6 3. f4 a6 4. Nf3 e6 5. g3 b5 6. d3 Bb7 7. Bg2 Rc8 8. 0-0 g6 9. Qe1 Bg7 10. Qf2 Nce7 11. Rb1 Nf6 12. h3 h5 13. Bd2 d5 14. e5 Nd7 15. Kh2 Nf5 16. Rh1 Nb6 17. Ne2 Nd7 18. Kg1 Nh6 19. Nh2 Nf5 20. g4 hxg4 21. hxg4 Nh4 22. Nf3 Nxg2 23. Kxg2 Rxh1 24. Rxh1 Nf8 25. Rh2 d4 26. Kg1 Qd5 27. Ng5 Qxa2 28. Bc1 Qd5 29. Ng3 Qd7 30. N3e4 Bxe4 31. Nxe4 Kd8 32. Bd2 Rc6 33. Ba5+ Kc8 34. Nd6+ Kb8 35. Qf3 f6 36. Qe4 Ka7 37. Nf7 fxe5 38. Nxe5 Bxe5 39. fxe5 Rc8 40. Rf2 Re8 41. Rf6 Qd5 42. Rf7+ Ka8 43. Bc7 g5 44. Rg7 Qxe4 45. dxe4 c4 46. Bd6 d3 47. cxd3 cxd3 48. Kf2 d2 49. Ke2 Rd8 50. Rg8 Kb7 51. Rxf8 Rd7 52. Kxd2 Rh7 53. Rf6 Rh2+ 54. Kc3 Rh3+ 55. Kc2 Re3 56. Rxe6 Rxe4 57. Rg6 Rxg4 58. e6 Re4 59. e7 Kc6 60. Bf4+ Kd7 61. Bxg5 a5 62. Rg8 Re5 63. Rd8+ Kc7 64. Bf4 Kb7 65. Bxe5 Kc6 66. e8Q+ Kb7 67. Qd7+ Ka6 68. Qc6+ Ka7 69. Rd7# 1-0

[Event "POL-ch U16 Girls"]
[Site "Szklarska Poreba"]
[Date "2016.03.15"]
[Round "3"]
[White "Karykowska, Anna"]
[Black "Kwiatkowska, Agnieszka"]
[Result "1/2-1/2"]
[WhiteElo "1832"]
[BlackElo "1643"]
[PlyCount "81"]
[EventDate "2016.03.13"]
[EventType "swiss"]
[EventRounds "9"]
[EventCountry "POL"]
[SourceTitle "EXT 2018"]
[Source "ChessBase"]
[SourceDate "2017.10.13"]
[SourceVersion "1"]
[SourceVersionDate "2017.10.13"]
[SourceQuality "1"]

1. e4 d5 2. exd5 Qxd5 3. Nc3 Qa5 4. d4 Nf6 5. Nf3 c6 6. Ne5 Be6 7. Nc4 Bxc4 8. Bxc4 e6 9. 0-0 Bd6 10. Re1 0-0 11. Ne4 Nxe4 12. Rxe4 Nd7 13. Bf4 Bxf4 14. Rxf4 Nf6 15. c3 Rad8 16. Qc2 Qc7 17. Rh4 e5 18. Rd1 exd4 19. Rhxd4 Rxd4 20. Rxd4 Rd8 21. Rxd8+ Qxd8 22. h3 Qe7 23. Qd2 Qd7 24. Qe2 Qe8 25. Qxe8+ Nxe8 26. Kf1 Nd6 27. Bd3 g6 28. Ke2 Kg7 29. Ke3 Kf6 30. Kd4 Ke6 31. a4 b6 32. b4 f5 33. c4 Nb7 34. c5 bxc5+ 35. bxc5 a5 36. Ba6 Nd8 37. Bc4+ Kf6 38. f4 h5 39. h4 Ne6+ 40. Bxe6 Kxe6 41. g3 1/2-1/2

[Event "POL-ch U16 Girls"]
[Site "Karpacz"]
[Date "2015.??.??"]
[Round "8"]
[White "Topolan, Agata"]
[Black "Kwiatkowska, Agnieszka"]
[Result "1-0"]
[WhiteElo "1707"]
[BlackElo "1645"]
[PlyCount "57"]
[EventDate "2015.03.??"]
[EventType "swiss"]
[EventRounds "9"]
[EventCountry "POL"]
[SourceTitle "EXT 2017"]
[Source "ChessBase"]
[SourceDate "2016.10.25"]
[SourceVersion "1"]
[SourceVersionDate "2016.10.25"]
[SourceQuality "1"]

1. c4 e5 2. Nc3 g6 3. Nf3 Bg7 4. e3 d6 5. g3 Be6 6. d3 Nc6 7. Bg2 f5 8. 0-0 h6 9. Nd5 Nf6 10. e4 fxe4 11. dxe4 Nxe4 12. Nh4 Nf6 13. Nxg6 Rg8 14. f4 Bxd5 15. cxd5 Ne7 16. fxe5 dxe5 17. Nxe5 Nexd5 18. Re1 Ne7 19. Qb3 Qd4+ 20. Kh1 Nfd5 21. Ng6 0-0-0 22. Nxe7+ Nxe7 23. Qxb7+ Kd7 24. Bf4 Qb6 25. Rad1+ Ke8 26. Rxd8+ Kxd8 27. Bxc7+ Qxc7 28. Rd1+ Qd7 29. Qxd7# 1-0

[Event "POL-ch U16 Girls"]
[Site "Karpacz"]
[Date "2015.??.??"]
[Round "3"]
[White "Trybowska, Barbara"]
[Black "Kwiatkowska, Agnieszka"]
[Result "1/2-1/2"]
[WhiteElo "1470"]
[BlackElo "1645"]
[PlyCount "81"]
[EventDate "2015.03.??"]
[EventType "swiss"]
[EventRounds "9"]
[EventCountry "POL"]
[SourceTitle "EXT 2017"]
[Source "ChessBase"]
[SourceDate "2016.10.25"]
[SourceVersion "1"]
[SourceVersionDate "2016.10.25"]
[SourceQuality "1"]

1. e4 d5 2. exd5 Qxd5 3. Nc3 Qd6 4. d4 c6 5. Be3 Nf6 6. Bc4 Bf5 7. Nf3 e6 8. h3 Qc7 9. a3 Bd6 10. Qe2 Nbd7 11. Bd3 Bxd3 12. Qxd3 Nb6 13. 0-0-0 a6 14. Rhe1 Nbd5 15. Ne4 Nxe4 16. Qxe4 b5 17. Bd2 Nf6 18. Qd3 c5 19. dxc5 Bxc5 20. Be3 Rc8 21. c3 Be7 22. Bg5 0-0 23. Bxf6 Bxf6 24. Kb1 Qb6 25. Qe3 Qa5 26. Ne5 Be7 27. Rc1 Bc5 28. Qf3 Qc7 29. g4 Rfd8 30. Qe2 Rd5 31. f4 Rcd8 32. Rcd1 Rxd1+ 33. Rxd1 Rxd1+ 34. Qxd1 f6 35. Nd3 Bd6 36. Qf3 Qc8 37. Qe4 g6 38. Kc2 Kf7 39. Qf3 a5 40. Qe4 Qc7 41. Kd2 1/2-1/2

[Event "POL-chT U19 1st League"]
[Site "Karpacz"]
[Date "2013.07.26"]
[Round "5"]
[White "Kwiatkowska, Agnieszka"]
[Black "Gazikova, Veronika"]
[Result "0-1"]
[WhiteElo "1501"]
[BlackElo "2066"]
[PlyCount "64"]
[EventDate "2013.07.22"]
[EventType "team-tourn"]
[EventRounds "9"]
[EventCountry "POL"]
[SourceTitle "EXT 2014"]
[Source "ChessBase"]
[SourceDate "2013.11.20"]
[SourceVersion "1"]
[SourceVersionDate "2013.11.20"]
[SourceQuality "1"]
[WhiteTeam "Pszczyna PSSz U19"]
[BlackTeam "Katowice Hetman Szopienice U19"]
[WhiteTeamCountry "POL"]
[BlackTeamCountry "POL"]

1. e4 e5 2. Nf3 Nc6 3. Bb5 f5 4. d3 fxe4 5. dxe4 Nf6 6. 0-0 Bc5 7. Bxc6 bxc6 8. Nxe5 0-0 9. Nd3 Nxe4 10. Nxc5 Nxc5 11. Be3 Ne6 12. Nd2 d5 13. Nf3 c5 14. c3 Bb7 15. Ne1 d4 16. cxd4 cxd4 17. Bd2 c5 18. Rc1 Qd5 19. f3 Qxa2 20. Ra1 Qd5 21. Qc2 c4 22. Rc1 Ba6 23. Rf2 d3 24. Qa4 Bb5 25. Qa2 Nd4 26. Rb1 Nb3 27. Qa3 a5 28. Qe7 Rfe8 29. Qh4 a4 30. Qg3 a3 31. bxa3 Nxd2 32. Rxd2 c3 0-1

[Event "POL-chT U19 1st League"]
[Site "Karpacz"]
[Date "2013.07.23"]
[Round "2"]
[White "Kwiatkowska, Agnieszka"]
[Black "Michalczuk, Sara"]
[Result "1-0"]
[WhiteElo "1501"]
[BlackElo "1407"]
[PlyCount "53"]
[EventDate "2013.07.22"]
[EventType "team-tourn"]
[EventRounds "9"]
[EventCountry "POL"]
[SourceTitle "EXT 2014"]
[Source "ChessBase"]
[SourceDate "2013.11.20"]
[SourceVersion "1"]
[SourceVersionDate "2013.11.20"]
[SourceQuality "1"]
[WhiteTeam "Pszczyna PSSz U19"]
[BlackTeam "Zary ZKSz U19"]
[WhiteTeamCountry "POL"]
[BlackTeamCountry "POL"]

1. e4 e5 2. Nf3 Nc6 3. Bb5 f5 4. d3 fxe4 5. dxe4 Nf6 6. 0-0 Bc5 7. Bxc6 bxc6 8. Nxe5 0-0 9. Bg5 Qe8 10. Bxf6 Rxf6 11. Nd3 Bb6 12. e5 Re6 13. Nd2 Ba6 14. Nf3 Bc4 15. Re1 Bd5 16. Kh1 Qe7 17. c3 Rf8 18. Nd4 Rg6 19. f3 Qg5 20. Qe2 Bc4 21. Red1 Rh6 22. Qd2 Qh4 23. g3 Qxg3 24. Qxh6 Qxf3+ 25. Nxf3 gxh6 26. Kg2 Bd5 27. Nde1 1-0

[Event "POL Olympiad U14"]
[Site "Walbrzych"]
[Date "2013.??.??"]
[Round "6.17"]
[White "Godek, Martyna"]
[Black "Kwiatkowska, Agnieszka"]
[Result "0-1"]
[WhiteElo "1378"]
[BlackElo "1492"]
[PlyCount "174"]
[EventDate "2013.04.??"]
[EventType "team-swiss"]
[EventRounds "9"]
[EventCountry "POL"]
[SourceTitle "EXT 2014"]
[Source "ChessBase"]
[SourceDate "2013.11.20"]
[SourceVersion "1"]
[SourceVersionDate "2013.11.20"]
[SourceQuality "1"]

1. e4 c6 2. d4 d5 3. exd5 cxd5 4. Bf4 Bf5 5. Nf3 Nf6 6. Bd3 Bxd3 7. Qxd3 Nc6 8. Nc3 a6 9. a3 e6 10. h3 Bd6 11. Qe3 0-0 12. 0-0 Qc7 13. Be5 Nd7 14. Bxd6 Qxd6 15. Rfe1 Rac8 16. Rad1 Nb6 17. Qd3 h6 18. Nd2 Na5 19. Na2 Nac4 20. Rb1 Nxd2 21. Qxd2 Nc4 22. Qd3 Qb6 23. b4 Nd6 24. Rec1 Nb5 25. Rd1 Rc4 26. a4 Rxd4 27. Qf3 Rxd1+ 28. Rxd1 Nd6 29. c3 Qc6 30. a5 Ne4 31. Rd3 Rc8 32. Qd1 Qc4 33. Qb1 Qb5 34. Qc2 Qc4 35. Qb1 Qc7 36. Qe1 Qc6 37. f3 Nd6 38. Nc1 Nf5 39. Ne2 Qc7 40. Kh1 Qe7 41. Kh2 Qg5 42. Qf2 Qd8 43. Qe1 Qc7+ 44. Kg1 Qc4 45. Qd2 Qh4 46. Nd4 Nxd4 47. Rxd4 Qf6 48. Qe3 Kh8 49. Kh2 Qe7 50. Kh1 Qc7 51. Rd3 Qc4 52. Qd2 Qc6 53. Kh2 Qb5 54. Re3 b6 55. axb6 Qxb6 56. Rd3 a5 57. bxa5 Qxa5 58. Qb2 Qa6 59. Qd2 Qa7 60. Re3 Rb8 61. Qd3 Qb6 62. Re1 Rc8 63. Re3 Kg8 64. Qd2 Rb8 65. Re1 Qb2 66. Qd3 Rb3 67. Re3 Ra3 68. f4 Ra4 69. Kg3 Ra2 70. Qf1 Qd2 71. Rd3 Qe2 72. Qxe2 Rxe2 73. Kf3 Rc2 74. g4 Kf8 75. Ke3 Ke7 76. Kd4 Kd6 77. Rg3 Re2 78. Kd3 Re4 79. Rf3 f6 80. f5 e5 81. Rg3 Rf4 82. Re3 e4+ 83. Kd4 Rf3 84. Rxf3 exf3 85. Ke3 Kc5 86. Kxf3 Kc4 87. Ke3 Kxc3 0-1

[Event "POL Olympiad U14"]
[Site "Walbrzych"]
[Date "2013.??.??"]
[Round "3.8"]
[White "Kwiatkowska, Agnieszka"]
[Black "Kubicka, Anna"]
[Result "0-1"]
[WhiteElo "1492"]
[BlackElo "1686"]
[PlyCount "124"]
[EventDate "2013.04.??"]
[EventType "team-swiss"]
[EventRounds "9"]
[EventCountry "POL"]
[SourceTitle "EXT 2014"]
[Source "ChessBase"]
[SourceDate "2013.11.20"]
[SourceVersion "1"]
[SourceVersionDate "2013.11.20"]
[SourceQuality "1"]

1. e4 c6 2. c4 d5 3. exd5 cxd5 4. cxd5 Nf6 5. Qa4+ Bd7 6. Qb3 Qc7 7. Nc3 a6 8. Bc4 b5 9. Be2 e5 10. d3 b4 11. Ne4 Ng8 12. Bf3 Bd6 13. Ne2 a5 14. Qc4 f5 15. Nxd6+ Qxd6 16. Qh4 Nf6 17. Bh5+ Nxh5 18. Qxh5+ g6 19. Qf3 Na6 20. 0-0 Nc7 21. Re1 0-0 22. d4 e4 23. Qf4 Qxf4 24. Nxf4 g5 25. Ne6 Bxe6 26. dxe6 Nxe6 27. d5 Nd4 28. Rd1 Nc2 29. Rb1 f4 30. Rd2 Rac8 31. Re2 Rc4 32. b3 Rc5 33. Rxe4 Rxd5 34. h3 Rd1+ 35. Kh2 Na3 36. Ra1 Nc2 37. Rb1 Rc8 38. Re5 Na3 39. Rxg5+ Kf7 40. Rf5+ Kg6 41. Rf6+ Kg7 42. Bb2 Rxb1 43. Rc6+ Rxb2 44. Rxc8 Rxa2 45. Rc7+ Kg6 46. Rc6+ Kg7 47. Rc7+ Kf6 48. Rxh7 Rxf2 49. Ra7 f3 50. Kg3 Rxg2+ 51. Kxf3 Rb2 52. Rxa5 Rxb3+ 53. Ke4 Rxh3 54. Ra6+ Ke7 55. Rb6 Nc2 56. Kd5 Rc3 57. Ke4 b3 58. Kd5 Na1 59. Kd4 Rh3 60. Kc4 Kd7 61. Ra6 b2 62. Rb6 Rb3 0-1

[Event "POL Olympiad U14"]
[Site "Walbrzych"]
[Date "2013.??.??"]
[Round "5.18"]
[White "Kwiatkowska, Agnieszka"]
[Black "Sekowska, Helena"]
[Result "1-0"]
[WhiteElo "1492"]
[BlackElo "1459"]
[PlyCount "83"]
[EventDate "2013.04.??"]
[EventType "team-swiss"]
[EventRounds "9"]
[EventCountry "POL"]
[SourceTitle "EXT 2014"]
[Source "ChessBase"]
[SourceDate "2013.11.20"]
[SourceVersion "1"]
[SourceVersionDate "2013.11.20"]
[SourceQuality "1"]

1. e4 c5 2. d4 cxd4 3. c3 d5 4. exd5 Qxd5 5. Nf3 Nc6 6. Be2 Nf6 7. 0-0 e6 8. Nxd4 Nxd4 9. cxd4 Qd8 10. Nc3 Be7 11. Bf3 0-0 12. Bf4 Bd6 13. Bxd6 Qxd6 14. d5 exd5 15. Bxd5 Nxd5 16. Nxd5 Rd8 17. Ne3 Be6 18. a3 Qb6 19. Qe2 Rac8 20. Rac1 Rxc1 21. Rxc1 Qa5 22. Rd1 Rxd1+ 23. Qxd1 h6 24. h3 Qb6 25. Qc2 Qd6 26. Qd1 Qxd1+ 27. Nxd1 Kf8 28. Kf1 Ke7 29. Ke2 Kd6 30. Kd3 Kc5 31. b4+ Kc6 32. Kd4 Bd5 33. g3 Be6 34. h4 Kd6 35. Nc3 Kc6 36. Ne4 b6 37. Nc3 Bb3 38. Ne4 Be6 39. Nc3 Bb3 40. Ne4 Be6 41. f3 Bd5 42. b5+ 1-0

[Event "Solina Mind Sports U14 Girls op "]
[Site "Solina"]
[Date "2012.04.17"]
[Round "3"]
[White "Frej, Zofia"]
[Black "Kwiatkowska, Agnieszka"]
[Result "1-0"]
[WhiteElo "1574"]
[BlackElo "1555"]
[PlyCount "155"]
[EventDate "2012.04.15"]
[EventType "swiss"]
[EventRounds "9"]
[EventCountry "POL"]
[SourceTitle "EXT 2014"]
[Source "ChessBase"]
[SourceDate "2013.11.20"]
[SourceVersion "1"]
[SourceVersionDate "2013.11.20"]
[SourceQuality "1"]

1. e4 d5 2. exd5 Qxd5 3. Nf3 Nf6 4. d4 c6 5. c4 Qd6 6. Nc3 Bg4 7. Be2 e6 8. 0-0 Nbd7 9. Be3 Qc7 10. h3 Bf5 11. Bd3 Bxd3 12. Qxd3 Nb6 13. a3 h6 14. b4 g5 15. Ne2 Nbd7 16. Rfe1 Rd8 17. Qc2 g4 18. hxg4 Nxg4 19. Bf4 Bd6 20. Bxd6 Qxd6 21. Qe4 h5 22. d5 cxd5 23. cxd5 Ngf6 24. Qd4 Qxd5 25. Qxa7 Rg8 26. Qe3 Ne5 27. Ned4 Nxf3+ 28. Nxf3 Qf5 29. Ne5 Ng4 30. Nxg4 Qxg4 31. Qe4 Qxe4 32. Rxe4 Rd5 33. Rc1 Kd7 34. Kf1 Ra8 35. Rc3 Kd6 36. Ke2 b5 37. Ke3 Rg8 38. g3 Rg4 39. Rf4 f5 40. Rxg4 hxg4 41. Rc8 Re5+ 42. Kd3 Rd5+ 43. Kc3 Kd7 44. Rh8 Re5 45. Kb3 Rd5 46. Kc3 Re5 47. Rh1 Kc6 48. Kb3 Re2 49. Rf1 Rd2 50. a4 Rd3+ 51. Kc2 Rd4 52. Kc3 Rc4+ 53. Kb3 Kb6 54. a5+ Kb7 55. Re1 Rc6 56. Re5 Ka6 57. Re3 Kb7 58. Rc3 e5 59. Rxc6 Kxc6 60. Kc3 Kd5 61. Kd3 Kd6 62. Ke3 Kd5 63. f3 gxf3 64. Kxf3 e4+ 65. Ke3 Kd6 66. g4 fxg4 67. Kxe4 g3 68. Kf3 Kd5 69. Kxg3 Kc4 70. a6 Kxb4 71. a7 Kc3 72. a8Q b4 73. Qa2 b3 74. Qb1 b2 75. Kf3 Kb3 76. Ke3 Kc3 77. Ke2 Kb3 78. Kd3 1-0